Proceedings Ed by hakan Stockhaus (Record no. 695859)

MARC details
000 -LEADER
fixed length control field 00926nam a2200265Ia 4500
003 - CONTROL NUMBER IDENTIFIER
control field OSt
005 - DATE AND TIME OF LATEST TRANSACTION
control field 20220927110350.0
008 - FIXED-LENGTH DATA ELEMENTS--GENERAL INFORMATION
fixed length control field 220926b |||||||| |||| 00| 0 eng d
037 ## - SOURCE OF ACQUISITION
Terms of availability Reports
040 ## - CATALOGING SOURCE
Original cataloging agency RTL
Transcribing agency RTL
Language of cataloging eng
041 ## - LANGUAGE CODE
Source of code eng
Language code of text/sound track or separate title eng
110 ## - MAIN ENTRY--CORPORATE NAME
Corporate name or jurisdiction name as entry element Symposium on Models and Simulations of Economic and Administrative systems (Gothenburg) (1968)
9 (RLIN) 376774
245 #0 - TITLE STATEMENT
Title Proceedings Ed by hakan Stockhaus
260 ## - PUBLICATION, DISTRIBUTION, ETC.
Place of publication, distribution, etc. Goteborg
Name of publisher, distributor, etc. Akademiforlaget
Date of publication, distribution, etc. 1970
300 ## - PHYSICAL DESCRIPTION
Extent 271p.
Dimensions cm.
490 ## - SERIES STATEMENT
Series statement Goteborg School of Economics and Business Administration Publications
650 ## - SUBJECT ADDED ENTRY--TOPICAL TERM
Topical term or geographic name entry element Operations Research Economics
9 (RLIN) 376775
700 ## - ADDED ENTRY--PERSONAL NAME
Personal name Symposium on Models and Simulations of Economic and Administrative systems (Gothenburg) (1968)
9 (RLIN) 376776
942 ## - ADDED ENTRY ELEMENTS (KOHA)
Classification part "X:(B2894), L0"
Koha item type
Holdings
Withdrawn status Lost status Damaged status Not for loan Home library Current library Date acquired Total Checkouts Full call number Barcode Date last seen Price effective from Koha item type
        Ratan Tata Library Ratan Tata Library 2022-09-27   "X:(B2894) L0" RT0075532 2022-09-27 2022-09-27  
Copyright @ Delhi University Library System